[Event "OLNW 1819 Hamelner SV - Delmenhorster S"]
[Site "?"]
[Date "2019.03.24"]
[Round "8.6"]
[White "David, Adrian"]
[Black "Sturm, Tobias"]
[Result "0-1"]
[WhiteElo "2226"]
[BlackElo "2017"]
[PlyCount "96"]
[EventDate "2019.??.??"]

1. d4 Nf6 2. Bf4 g6 3. Nc3 Bg7 4. e4 d6 5. Qd2 Nbd7 6. Bh6 Bxh6 7. Qxh6 e5 8.
d5 Nc5 9. f3 a5 10. Rd1 Bd7 11. g3 Qe7 12. a3 b6 13. Nh3 Nh5 14. Nf2 f6 15. Be2
Qg7 16. Qe3 f5 17. exf5 gxf5 18. f4 Nf6 19. fxe5 dxe5 20. Qxe5+ Kd8 21. d6 c6
22. Qd4 Rb8 23. O-O h5 24. Qh4 Kc8 25. Nd3 Nce4 26. Nxe4 Nxe4 27. Nf4 Qxb2 28.
Ba6+ Rb7 29. Bxb7+ Kxb7 30. Ng6 Re8 31. Ne7 Qxa3 32. Qf4 Qc5+ 33. Kh1 Rf8 34.
Ng6 Re8 35. Ne7 b5 36. Nxf5 Nc3 37. Ng7 Nxd1 38. Nxe8 Qd5+ 39. Kg1 Bxe8 40. Qf8
Qd4+ 41. Kh1 Qe4+ 42. Kg1 Ne3 43. Rf3 Bd7 44. Qf7 Kb6 45. Qf8 Kc5 46. Qf6 Bg4
47. Qc3+ Nc4 48. Rf4 Qd5 0-1

[Event "OLNW 1819 Hamelner SV - Delmenhorster S"]
[Site "?"]
[Date "2019.03.24"]
[Round "8.7"]
[White "Pahl, Theis"]
[Black "Gerstmann, Frank"]
[Result "1-0"]
[WhiteElo "2002"]
[BlackElo "2134"]
[PlyCount "71"]
[EventDate "2019.??.??"]

1. c4 Nf6 2. Nc3 g6 3. g3 Bg7 4. Bg2 d6 5. d3 O-O 6. e4 e5 7. Nge2 Nc6 8. O-O
Be6 9. h3 Qd7 10. Kh2 Ne7 11. Be3 c6 12. f4 Rfd8 13. a4 Ne8 14. a5 f5 15. Qa4
Nf6 16. d4 Nxe4 17. Nxe4 fxe4 18. dxe5 Nf5 19. Bg1 dxe5 20. Rad1 Qc7 21. a6
Rxd1 22. Rxd1 b6 23. Bxe4 Rc8 24. Bxf5 Bxf5 25. Be3 Re8 26. Rd2 Qc8 27. g4 exf4
28. Bxf4 Be4 29. Ng3 g5 30. Nxe4 gxf4 31. Nd6 Qd7 32. Qd1 Rf8 33. Nf5 Qe6 34.
Rd7 Bf6 35. Qd3 Rf7 36. Nh6+ 1-0

[Event "OLNW 1819 Hamelner SV - Delmenhorster S"]
[Site "?"]
[Date "2019.03.24"]
[Round "8.8"]
[White "Koch, Yannick"]
[Black "Niefuend, Michael"]
[Result "1-0"]
[WhiteElo "2087"]
[BlackElo "1761"]
[PlyCount "105"]
[EventDate "2019.??.??"]

1. d4 Nf6 2. c4 c5 3. d5 e6 4. Nc3 exd5 5. cxd5 d6 6. e4 g6 7. Nge2 Bg7 8. Ng3
a6 9. a4 O-O 10. Be2 Nbd7 11. O-O Re8 12. Be3 Rb8 13. Qd2 Ne5 14. h3 b5 15.
axb5 axb5 16. Bxb5 Rxb5 17. Nxb5 Bxh3 18. Qe2 Bd7 19. Nxd6 Nfg4 20. Nxe8 Qh4
21. Rfd1 Qh2+ 22. Kf1 Nxe3+ 23. fxe3 Ng4 24. Nxg7 Qxg3 25. Ra5 Nh2+ 26. Kg1 Ng4
27. Qf3 Qh2+ 28. Kf1 Qe5 29. Ne8 Nh2+ 30. Kf2 Nxf3 31. Kxf3 Qh5+ 32. Kf4 Qxd1
33. Nf6+ Kg7 34. Nxd7 Qe1 35. Rxc5 Qf2+ 36. Ke5 Qxb2+ 37. Kd6 Qxg2 38. e5 h5
39. e6 Qg3+ 40. Ne5 Kf6 41. e4 Qxe5+ 42. Kd7 fxe6 43. Rc6 Qb8 44. Rxe6+ Kg5 45.
d6 h4 46. e5 h3 47. Re8 Qb7+ 48. Ke6 h2 49. Rh8 h1=Q 50. Rxh1 Qxh1 51. d7 Qc6+
52. Ke7 Qf6+ 53. exf6 1-0

[Event "OLNW 1819 SF Hannover - SV Hellern"]
[Site "?"]
[Date "2019.03.24"]
[Round "8.1"]
[White "Lingnau, Carsten"]
[Black "Ackermann, Dennie"]
[Result "1-0"]
[WhiteElo "2417"]
[BlackElo "2141"]
[PlyCount "61"]
[EventDate "2019.??.??"]

1. Nf3 b6 2. g3 Bb7 3. Bg2 Nf6 4. O-O e6 5. c4 Be7 6. d4 O-O 7. Nc3 Ne4 8. Bd2
d5 9. cxd5 Nxc3 10. Bxc3 Bxd5 11. Qc2 Nd7 12. e4 Bb7 13. Rfd1 Qc8 14. d5 exd5
15. exd5 Nf6 16. Nh4 Bd6 17. Bxf6 gxf6 18. Nf5 Re8 19. Bh3 Qd8 20. Rd4 Bc5 21.
Nh6+ Kg7 22. Nxf7 Qe7 23. Rh4 h5 24. Be6 Rg8 25. Rxh5 Kf8 26. Rh7 Rg7 27. Rh8+
Rg8 28. Qh7 Bxf2+ 29. Kf1 Qc5 30. Rxg8+ Ke7 31. Ng5+ 1-0

[Event "OLNW 1819 SF Hannover - SV Hellern"]
[Site "?"]
[Date "2019.03.24"]
[Round "8.3"]
[White "Happe, Reinhold"]
[Black "Pawelzik, Malte"]
[Result "0-1"]
[WhiteElo "2121"]
[BlackElo "2137"]
[PlyCount "80"]
[EventDate "2019.??.??"]

1. c4 e5 2. Nc3 Bb4 3. Nd5 Bc5 4. e3 c6 5. Nc3 Nf6 6. Nf3 d6 7. d4 exd4 8. exd4
Bb4 9. Bd3 O-O 10. O-O Bg4 11. h3 Bh5 12. Bf4 Nbd7 13. a3 Bxc3 14. bxc3 d5 15.
c5 Ne4 16. Qc2 Bxf3 17. gxf3 Ng5 18. Kg2 Qf6 19. Qd2 Ne6 20. Bg3 Rfe8 21. Rfe1
Ndf8 22. Rab1 Re7 23. Be5 Qh4 24. Bg3 Qh5 25. Re5 g5 26. h4 Ng6 27. Bxg6 Qxg6
28. hxg5 Qxb1 29. f4 Rae8 30. Qe2 Nxf4+ 31. Bxf4 Rxe5 32. Bxe5 Qg6 33. Qg4 f5
34. Qh4 h6 35. Qxh6 Qxh6 36. gxh6 Kh7 37. Bf4 Re1 38. Kf3 Ra1 39. Bd2 Ra2 40.
Bc1 Kg6 0-1

[Event "OLNW 1819 SF Hannover - SV Hellern"]
[Site "?"]
[Date "2019.03.24"]
[Round "8.4"]
[White "Kaimer, Thomas"]
[Black "Weist, Thorben"]
[Result "1/2-1/2"]
[WhiteElo "2144"]
[BlackElo "2055"]
[PlyCount "150"]
[EventDate "2019.??.??"]

1. e4 c5 2. Nf3 Nc6 3. d4 cxd4 4. Nxd4 g6 5. Nc3 Bg7 6. Nb3 Nf6 7. Be2 O-O 8.
O-O d6 9. Bf4 Be6 10. Qd2 d5 11. e5 Ne4 12. Nxe4 dxe4 13. Qe3 Bxe5 14. Bxe5
Nxe5 15. Qxe4 Qc7 16. f4 Nc6 17. h4 Bf5 18. Qe3 Bxc2 19. Nc5 Rac8 20. Bg4 Bf5
21. Bxf5 gxf5 22. Rac1 b6 23. Nb3 Qd6 24. Rcd1 Qe6 25. Qf3 Rfd8 26. h5 Qf6 27.
Qe2 h6 28. Rfe1 Nd4 29. Nxd4 Rxd4 30. Rd3 Rxd3 31. Qxd3 e6 32. Qg3+ Kh7 33. Qf2
Qd8 34. Kh2 Qd3 35. Re2 Qd6 36. Rd2 Qe7 37. Re2 Qc5 38. Qf3 Qc6 39. Qf2 Qc5 40.
Qf3 Qe7 41. Qf2 Rc4 42. b3 Rc7 43. Qg3 Qf6 44. Re3 Qg7 45. Qf3 Qf6 46. Qg3 Rc8
47. Qf2 Rg8 48. Re5 Qe7 49. Qe1 Re8 50. Re3 Qd6 51. Qg3 Rg8 52. Qf3 Rg4 53. g3
Rg8 54. Rd3 Qc7 55. Qd1 Qc5 56. Qd2 Rc8 57. Rd7 Rc7 58. Rxc7 Qxc7 59. Qd3 Qc6
60. Qd1 Qd5 61. Qe2 Qd7 62. Qc2 Kg7 63. Qc3+ f6 64. Qe3 Qf7 65. Qf3 e5 66. fxe5
fxe5 67. g4 fxg4 68. Qxg4+ Kf8 69. Qc8+ Kg7 70. Qg4+ Kf8 71. Qc8+ Ke7 72. Qb7+
Kf6 73. Qf3+ Ke7 74. Qb7+ Kf6 75. Qf3+ Ke7 1/2-1/2

[Event "OLNW 1819 SF Hannover - SV Hellern"]
[Site "?"]
[Date "2019.03.24"]
[Round "8.5"]
[White "Lewin, Tammo"]
[Black "Herrmann, Andreas"]
[Result "1-0"]
[WhiteElo "2059"]
[BlackElo "2137"]
[PlyCount "77"]
[EventDate "2019.??.??"]

1. d4 Nf6 2. c4 c5 3. d5 e5 4. Nc3 d6 5. e4 Be7 6. g3 O-O 7. Bg2 Na6 8. Nge2
Nc7 9. O-O Rb8 10. a4 a6 11. f4 Nd7 12. Qd3 Bf6 13. Bd2 Re8 14. Kh1 Nf8 15. Ng1
Bd7 16. Nf3 Ng6 17. f5 Nf8 18. g4 h6 19. Ne2 b5 20. axb5 axb5 21. b3 Nh7 22.
Ng3 Ng5 23. Nh5 Nxf3 24. Rxf3 Bg5 25. Be1 Ra8 26. Rxa8 Nxa8 27. cxb5 Nc7 28. b6
Nb5 29. Bf2 Qxb6 30. h4 Bd8 31. g5 hxg5 32. hxg5 Bxg5 33. Rg3 Qd8 34. Be3 Bxe3
35. Rxg7+ Kf8 36. Qxe3 Qh4+ 37. Qh3 Qe1+ 38. Kh2 Ra8 39. Qg4 1-0

[Event "OLNW 1819 SF Hannover - SV Hellern"]
[Site "?"]
[Date "2019.03.24"]
[Round "8.6"]
[White "Ploog, Martin"]
[Black "Gronde, Ingo"]
[Result "0-1"]
[WhiteElo "2059"]
[BlackElo "2222"]
[PlyCount "92"]
[EventDate "2019.??.??"]

1. c4 Nf6 2. Nc3 g6 3. g3 Bg7 4. Bg2 O-O 5. d4 d6 6. Nf3 Nbd7 7. O-O e5 8. e4
exd4 9. Nxd4 Re8 10. h3 a6 11. Re1 Rb8 12. Be3 Ne5 13. b3 c5 14. Nf3 Nxf3+ 15.
Qxf3 b5 16. cxb5 axb5 17. Bg5 h6 18. Bxf6 Qxf6 19. Qxf6 Bxf6 20. Rac1 b4 21.
Nd5 Bd4 22. Red1 Kf8 23. Ne3 Bxe3 24. fxe3 Rb6 25. Rc2 Bb7 26. Rcd2 Bxe4 27.
Rxd6 Rxd6 28. Rxd6 Bxg2 29. Kxg2 Rxe3 30. Rd2 Ke7 31. Kf2 Rc3 32. Kg2 f5 33. h4
g5 34. hxg5 hxg5 35. Re2+ Kf6 36. Rd2 Kg6 37. Rf2 Kf6 38. Re2 f4 39. gxf4 gxf4
40. Rd2 Ke5 41. Rd8 Rc2+ 42. Kf3 Rxa2 43. Re8+ Kd4 44. Re4+ Kc3 45. Rc4+ Kxb3
46. Rxc5 Rc2 0-1

[Event "OLNW 1819 SF Hannover - SV Hellern"]
[Site "?"]
[Date "2019.03.24"]
[Round "8.7"]
[White "Bade, Hans-Juergen"]
[Black "Edel, Thomas"]
[Result "1/2-1/2"]
[WhiteElo "1988"]
[BlackElo "2086"]
[PlyCount "52"]
[EventDate "2019.??.??"]

1. e4 c6 2. d4 d5 3. exd5 cxd5 4. Bd3 Nc6 5. c3 Qc7 6. Nf3 g6 7. O-O Bg7 8. Re1
Nf6 9. h3 O-O 10. Bg5 Bf5 11. Na3 Bxd3 12. Qxd3 a6 13. Qe3 Rfe8 14. Rad1 b5 15.
Nc2 Na5 16. Bf4 Qc8 17. Ne5 Nc4 18. Qc1 Qb7 19. Ng4 Nxg4 20. hxg4 Qd7 21. f3
Rac8 22. Nb4 a5 23. Nd3 Qa7 24. Kh2 Qb6 25. a3 a4 26. Re2 e6 {(=)} 1/2-1/2

[Event "OLNW 1819 SF Hannover - SV Hellern"]
[Site "?"]
[Date "2019.03.24"]
[Round "8.8"]
[White "Witthaus, Joerg"]
[Black "Andre, Wolfgang"]
[Result "1/2-1/2"]
[WhiteElo "2021"]
[BlackElo "2177"]
[PlyCount "80"]
[EventDate "2019.??.??"]

1. e4 c5 2. c3 g6 3. d4 cxd4 4. cxd4 d5 5. e5 Nc6 6. Nc3 a6 7. Be3 Be6 8. Qd2
Bg7 9. Nf3 f6 10. exf6 exf6 11. Rc1 Nge7 12. Be2 O-O 13. O-O Nf5 14. Rfe1 Re8
15. Na4 Nxe3 16. Qxe3 Bf7 17. Qd2 Bf8 18. Nc5 Qa5 19. Qxa5 Nxa5 20. Nd7 Be7 21.
a3 Kg7 22. b4 Rad8 23. Nb6 Nc6 24. Kf1 Bd6 25. g3 a5 26. b5 Nb8 27. Rc3 Nd7 28.
Na4 b6 29. Ra1 Rb8 30. Rc6 Bf8 31. Ne1 Rb7 32. Bf3 f5 33. Nc2 Reb8 34. Ne3 Nf6
35. Rc2 Ne4 36. Nc3 Rc7 37. Na4 Rxc2 38. Nxc2 Nd2+ 39. Ke2 Nc4 40. Kd3 Kf6
1/2-1/2

[Event "OLNW 1819 Hannover 96 - MTV Tostedt"]
[Site "?"]
[Date "2019.03.24"]
[Round "8.1"]
[White "Bokros, Albert"]
[Black "Piepho, Niels"]
[Result "1-0"]
[WhiteElo "2464"]
[BlackElo "2241"]
[PlyCount "111"]
[EventDate "2019.??.??"]

1. e4 d6 2. d4 Nf6 3. Nc3 g6 4. g3 Bg7 5. Bg2 O-O 6. Nge2 e5 7. O-O Nbd7 8. h3
c6 9. a4 Re8 10. Be3 exd4 11. Bxd4 Nf8 12. f4 Ne6 13. Bf2 Nc7 14. g4 d5 15. Bh4
dxe4 16. Qxd8 Rxd8 17. Nxe4 Ncd5 18. N2c3 Rf8 19. Nxf6+ Bxf6 20. Bxf6 Nxf6 21.
a5 Bd7 22. Rfd1 Rad8 23. a6 b6 24. Rd6 Nd5 25. Bxd5 cxd5 26. Nxd5 Bb5 27. Rxd8
Rxd8 28. Nb4 Rd4 29. c3 Rxf4 30. Rd1 Re4 31. Rd5 Be8 32. Rd8 Kg7 33. Ra8 Re7
34. Nd5 Re5 35. Nc7 Bc6 36. Rxa7 Re2 37. b4 b5 38. Rb7 Rg2+ 39. Kf1 Ra2 40. g5
h6 41. gxh6+ Kxh6 42. Rb6 Bf3 43. Rf6 Bg2+ 44. Kg1 Bxh3 45. Nxb5 Kg7 46. Rd6 g5
47. Nd4 g4 48. Nf5+ Kg8 49. b5 Rg2+ 50. Kh1 g3 51. Nxg3 Rxg3 52. a7 Bg2+ 53.
Kh2 Rg5 54. Rc6 Bxc6 55. bxc6 Ra5 56. c7 1-0

[Event "OLNW 1819 Hannover 96 - MTV Tostedt"]
[Site "?"]
[Date "2019.03.24"]
[Round "8.2"]
[White "Helmer, Christoph"]
[Black "Varga, Zoltan"]
[Result "0-1"]
[WhiteElo "2149"]
[BlackElo "2448"]
[PlyCount "69"]
[EventDate "2019.??.??"]

1. e4 Nf6 2. Nc3 d5 3. e5 Nfd7 4. f4 c5 5. Nf3 Nb6 6. d4 c4 7. h3 Nc6 8. Be2 h5
9. Be3 Bf5 10. Nh4 Bh7 11. e6 g6 12. f5 fxe6 13. fxg6 Bg8 14. O-O Bg7 15. Rf7
Bf6 16. g7 Bxf7 17. gxh8=R+ Bxh8 18. Bxh5 Bxh5 19. Qxh5+ Kd7 20. Qg4 Bf6 21.
Nf3 Qh8 22. Kh1 Rg8 23. Qf4 Qg7 24. Rg1 Qg6 25. Nb5 Na8 26. Ne1 a6 27. Na3 Nc7
28. c3 e5 29. dxe5 Bxe5 30. Qf2 Bg3 31. Qd2 Bd6 32. Nac2 Qe4 33. Nf3 Ne5 34.
Nce1 Ng4 35. Rf1 0-1

[Event "OLNW 1819 Hannover 96 - MTV Tostedt"]
[Site "?"]
[Date "2019.03.24"]
[Round "8.4"]
[White "Adibekian, Roubik"]
[Black "Nedic, Dusan"]
[Result "0-1"]
[WhiteElo "2182"]
[BlackElo "2297"]
[PlyCount "112"]
[EventDate "2019.??.??"]

1. d4 Nf6 2. Nf3 g6 3. c4 Bg7 4. Nc3 d5 5. e3 O-O 6. cxd5 Nxd5 7. h3 c5 8. Qb3
Nxc3 9. bxc3 Nc6 10. Bd2 cxd4 11. cxd4 Be6 12. Qa3 Bd5 13. Rd1 Bxf3 14. gxf3 e5
15. dxe5 Qd5 16. Be2 Nxe5 17. e4 Qe6 18. Bb4 Rfd8 19. Rxd8+ Rxd8 20. Kf1 Nc6
21. Be1 Nd4 22. Bd1 Qc4+ 23. Kg2 Ne6 24. Bb3 Nf4+ 25. Kh2 Qc7 26. Ba5 b6 27.
Bb4 a5 28. Be1 Rd3 29. Kg1 Bf8 30. Qb2 Rxf3 31. Qc2 Qe7 32. Kf1 Qd7 33. Bd2
Nxh3 34. Be3 Bc5 35. Qe2 Qg4 36. Bd1 Rxf2+ 37. Bxf2 Qxe2+ 38. Bxe2 Nxf2 39. Rh4
g5 40. Rh5 Nxe4 41. Kg2 Kg7 42. Bd3 Kg6 43. Rh1 f5 44. Re1 Nd6 45. Re6+ Kf7 46.
Rh6 Kg7 47. Re6 h5 48. Kf3 h4 49. a4 h3 50. Kg3 g4 51. Bc2 Bb4 52. Re2 Kf6 53.
Kf4 Ne4 54. Bxe4 Bd6+ 55. Ke3 fxe4 56. Kxe4 g3 0-1

[Event "OLNW 1819 Hannover 96 - MTV Tostedt"]
[Site "?"]
[Date "2019.03.24"]
[Round "8.5"]
[White "Hoegy, Kevin"]
[Black "Usachyi, Vladimir"]
[Result "1-0"]
[WhiteElo "2262"]
[BlackElo "2127"]
[PlyCount "77"]
[EventDate "2019.??.??"]

1. d4 d6 2. Nc3 c6 3. g3 Nf6 4. Bg2 Nbd7 5. e4 e5 6. Nge2 Be7 7. O-O O-O 8. h3
Re8 9. Be3 Qc7 10. Qd2 exd4 11. Nxd4 Ne5 12. b3 a6 13. a4 Bf8 14. Rad1 c5 15.
Nf5 Nxe4 16. Nh6+ gxh6 17. Nxe4 Re6 18. f4 f5 19. Nc3 Nf7 20. Nd5 Qd8 21. Qd3
Rg6 22. Bd2 Be6 23. Bc3 Bxd5 24. Bxd5 Qd7 25. Rfe1 h5 26. Kf2 Rc8 27. Qe2 h4
28. gxh4 Bg7 29. Bxg7 Kxg7 30. h5 Rh6 31. Be6 Qd8 32. Rg1+ Kf8 33. Bxc8 Qxc8
34. Rde1 Qd7 35. Qe3 Nd8 36. Qc3 Re6 37. Qh8+ Ke7 38. Rg7+ Nf7 39. Qg8 1-0

[Event "OLNW 1819 Hannover 96 - MTV Tostedt"]
[Site "?"]
[Date "2019.03.24"]
[Round "8.6"]
[White "Kiselev, Alexander"]
[Black "Haerig, Wilfried"]
[Result "0-1"]
[WhiteElo "2102"]
[BlackElo "2117"]
[PlyCount "54"]
[EventDate "2019.??.??"]

1. e4 c5 2. Nc3 Nc6 3. f4 g6 4. Nf3 Bg7 5. Bb5 Nd4 6. Nxd4 Bxd4 7. Bc4 a6 8. a4
e6 9. Qf3 Ne7 10. d3 d5 11. exd5 Bxc3+ 12. bxc3 exd5 13. Bb3 Be6 14. O-O c4 15.
Ba2 b5 16. Ba3 O-O 17. g4 Re8 18. Qg3 f5 19. Rae1 Qb6+ 20. Kg2 fxg4 21. Bxe7
Rxe7 22. f5 gxf5 23. Rxf5 Bxf5 24. Rxe7 Rf8 25. Qe5 Be4+ 26. Kg3 Qf2+ 27. Kxg4
Qf3+ 0-1

[Event "OLNW 1819 Hannover 96 - MTV Tostedt"]
[Site "?"]
[Date "2019.03.24"]
[Round "8.8"]
[White "Sanasi, Marcello"]
[Black "Ditze, Thomas"]
[Result "0-1"]
[WhiteElo "1636"]
[BlackElo "1916"]
[PlyCount "118"]
[EventDate "2019.??.??"]

1. Nf3 Nf6 2. g3 g6 3. Bg2 Bg7 4. O-O O-O 5. d4 d5 6. c3 b6 7. Nbd2 Bb7 8. Qc2
Nbd7 9. Re1 c5 10. h3 Rc8 11. dxc5 Nxc5 12. Ne5 Qc7 13. Nd3 Nce4 14. Nxe4 dxe4
15. Bf4 exd3 16. Qxd3 e5 17. Bxe5 Qxe5 18. Bxb7 Rc7 19. Bg2 Rd7 20. Qc2 Rfd8
21. Rad1 Qe6 22. b3 Rd6 23. c4 Qd7 24. Rxd6 Qxd6 25. e4 Qd2 26. Re2 Qxc2 27.
Rxc2 Rd1+ 28. Kh2 Bf8 29. f4 Bb4 30. e5 Nd7 31. Re2 Nc5 32. Bd5 Rd2 33. Rxd2
Bxd2 34. Kg2 Kf8 35. Kf3 a5 36. Ke2 Bc3 37. g4 g5 38. fxg5 Bxe5 39. Ke3 Bb2 40.
Kd2 Ne6 41. h4 Be5 42. g6 hxg6 43. h5 gxh5 44. gxh5 Bd6 45. Ke3 Kg7 46. Bf3 f5
47. Be2 Kh6 48. Bd1 Ng7 49. Kd4 f4 50. Kd5 Bc5 51. Kc6 Nf5 52. a3 Ne3 53. Bf3
Nc2 54. b4 axb4 55. axb4 Nxb4+ 56. Kb5 Nc2 57. Bd1 Nd4+ 58. Ka4 f3 59. Bxf3
Nxf3 0-1

[Event "OLNW 1819 SK Union Oldenburg - HSK List"]
[Site "?"]
[Date "2019.03.24"]
[Round "8.1"]
[White "Voege, Tobias"]
[Black "Bredemeier, Dirk"]
[Result "1-0"]
[WhiteElo "2284"]
[BlackElo "2281"]
[PlyCount "93"]
[EventDate "2019.??.??"]

1. d4 d5 2. c4 e6 3. Nc3 c5 4. Nf3 Nc6 5. cxd5 exd5 6. g3 Nf6 7. Bg2 Be7 8. O-O
O-O 9. Bg5 cxd4 10. Nxd4 h6 11. Nxc6 bxc6 12. Be3 Bf5 13. Na4 h5 14. Rc1 Qd7
15. Nc5 Bxc5 16. Bxc5 Rfe8 17. Bd4 Nh7 18. b3 Ng5 19. Re1 Bh3 20. Bh1 h4 21.
Qd2 f6 22. Bb2 Rad8 23. Qc3 Rc8 24. gxh4 Ne4 25. Qf3 Rb8 26. Bg2 Bg4 27. Qf4
Nd6 28. f3 Be6 29. e4 a5 30. Qg3 Kh8 31. e5 Nf5 32. Qg6 Bf7 33. Qg4 Rb4 34. f4
Qa7+ 35. Kh1 Nh6 36. Qg3 Nf5 37. Qd3 Rxf4 38. exf6 Rxe1+ 39. Rxe1 g6 40. h5
gxh5 41. Bh3 Qf2 42. Rf1 Qxb2 43. Rxf4 Nd6 44. Qg3 Ne8 45. Qg5 d4 46. Rf1 Bd5+
47. Qxd5 1-0

[Event "OLNW 1819 SK Union Oldenburg - HSK List"]
[Site "?"]
[Date "2019.03.24"]
[Round "8.2"]
[White "Mueer, Sebastian"]
[Black "Buchenau, Frank"]
[Result "0-1"]
[WhiteElo "2221"]
[BlackElo "2280"]
[PlyCount "60"]
[EventDate "2019.??.??"]

1. e4 e6 2. d4 d5 3. Nc3 Nf6 4. Bg5 dxe4 5. Nxe4 Be7 6. Bxf6 gxf6 7. Nf3 f5 8.
Nc3 a6 9. Qe2 Qd6 10. O-O-O Nd7 11. g3 b5 12. Bg2 Bb7 13. Rhe1 Nf6 14. d5 Nxd5
15. Nxd5 Bxd5 16. Rxd5 Qxd5 17. Nh4 Qxa2 18. c3 O-O-O 19. Qf3 Bg5+ 20. Re3 Qa1+
21. Kc2 Qa4+ 22. Kc1 Qe4 23. Qe2 Bxe3+ 24. fxe3 Qd3 25. Qe1 Rd6 26. e4 Rhd8 27.
exf5 Qd1+ 28. Qxd1 Rxd1+ 29. Kc2 R8d2+ 30. Kb3 Rb1 0-1

[Event "OLNW 1819 SK Union Oldenburg - HSK List"]
[Site "?"]
[Date "2019.03.24"]
[Round "8.3"]
[White "Polster, Christian"]
[Black "Wittje, Berthold"]
[Result "1/2-1/2"]
[WhiteElo "2237"]
[BlackElo "2227"]
[PlyCount "173"]
[EventDate "2019.??.??"]

1. e4 e5 2. Nf3 Nc6 3. Bc4 Bc5 4. c3 Nf6 5. d4 exd4 6. cxd4 Bb4+ 7. Nc3 Nxe4 8.
O-O Bxc3 9. d5 Ne5 10. bxc3 Nxc4 11. Re1 Ncd6 12. Ng5 O-O 13. Nxe4 Nxe4 14.
Rxe4 Re8 15. Rd4 d6 16. Be3 Bf5 17. h4 Re4 18. Qf3 Rxd4 19. Bxd4 Bd7 20. Qg3
Qf8 21. Rb1 b6 22. h5 h6 23. Rb4 a5 24. Rb3 Re8 25. Qf4 Re1+ 26. Kh2 Qe7 27. f3
Qg5 28. Qxg5 hxg5 29. Rb2 f6 30. h6 Kh7 31. hxg7 Kxg7 32. g4 Bc8 33. f4 Kg6 34.
fxg5 fxg5 35. Rf2 Bxg4 36. Rf6+ Kh5 37. Rf7 Rd1 38. Rxc7 Bf3 39. Kg3 Bxd5 40.
Rh7+ Kg6 41. Rd7 Rd3+ 42. Kf2 Bxa2 43. Rxd6+ Kf5 44. Rxb6 a4 45. Ra6 Bb3 46.
Ra8 Rh3 47. Ra5+ Kf4 48. Be5+ Kg4 49. c4 Rf3+ 50. Ke1 Rf5 51. Bc3 Rf8 52. Bd2
Re8+ 53. Kf2 Rg8 54. Kg2 Kh4 55. Be1+ Kh5 56. Bd2 Kg4 57. Be3 Bc2 58. Kf2 Kh4
59. Ra6 Rf8+ 60. Ke1 g4 61. Kd2 Bb3 62. c5 g3 63. Rh6+ Kg4 64. Rg6+ Kf3 65. Bd4
Rd8 66. Kc3 g2 67. c6 Bd5 68. c7 Rc8 69. Kb4 Rxc7 70. Bc5 Bb3 71. Rf6+ Ke4 72.
Rg6 Rb7+ 73. Ka3 Kf3 74. Rf6+ Kg3 75. Rg6+ Kh3 76. Rh6+ Kg4 77. Rg6+ Kf3 78.
Rf6+ Ke4 79. Rg6 Kd5 80. Bb4 Rf7 81. Rxg2 Rf3 82. Kb2 Kc4 83. Bd2 Bd1 84. Rg7
a3+ 85. Ka2 Bb3+ 86. Kxa3 Bd1+ 87. Kb2 1/2-1/2

[Event "OLNW 1819 SK Union Oldenburg - HSK List"]
[Site "?"]
[Date "2019.03.24"]
[Round "8.4"]
[White "Meessen, Max"]
[Black "Hoerstmann, Rudi"]
[Result "1-0"]
[WhiteElo "2223"]
[BlackElo "2235"]
[PlyCount "77"]
[EventDate "2019.??.??"]

1. e4 g6 2. d4 Bg7 3. Nf3 d6 4. Be3 Nf6 5. Nc3 c6 6. Qd2 Nbd7 7. Bh6 Bxh6 8.
Qxh6 Qa5 9. O-O-O Qh5 10. Qd2 O-O 11. Be2 Qa5 12. Kb1 Kg7 13. h4 h5 14. Qg5
Qxg5 15. Nxg5 c5 16. Nd5 Nxd5 17. exd5 a6 18. g4 hxg4 19. Bxg4 Nf6 20. Bxc8
Raxc8 21. Rhe1 Rfe8 22. dxc5 Rxc5 23. Ne4 Rc4 24. f3 Rh8 25. b3 Rc7 26. Nxf6
Kxf6 27. Rd4 Rh5 28. c4 Rf5 29. Re3 Re5 30. Rf4+ Kg7 31. Rxe5 dxe5 32. Re4 Kf6
33. Kc2 e6 34. d6 Rc6 35. f4 exf4 36. Rxf4+ Ke5 37. d7 Rd6 38. Rxf7 Kd4 39. Rf1
1-0

[Event "OLNW 1819 SK Union Oldenburg - HSK List"]
[Site "?"]
[Date "2019.03.24"]
[Round "8.5"]
[White "Hoerstmann, Martin"]
[Black "Schuette, Marc"]
[Result "1-0"]
[WhiteElo "2235"]
[BlackElo "2060"]
[PlyCount "83"]
[EventDate "2019.??.??"]

1. d4 d5 2. c4 Nc6 3. cxd5 Qxd5 4. e3 e5 5. Nc3 Bb4 6. a3 Bxc3+ 7. bxc3 b6 8.
c4 Qd6 9. d5 Nb8 10. Ne2 Nf6 11. Nc3 c6 12. Be2 Bb7 13. O-O Na6 14. a4 Nc5 15.
Ba3 O-O 16. e4 Rad8 17. a5 Rfe8 18. Qc1 Qc7 19. axb6 axb6 20. Bxc5 bxc5 21. Qe3
Nd7 22. Bg4 Nf6 23. Be2 Nd7 24. Na4 f5 25. d6 Qxd6 26. exf5 e4 27. Rad1 Qf8 28.
Rd2 Re5 29. Rfd1 Re7 30. Nxc5 Bc8 31. Ne6 Qe8 32. Nxd8 Qxd8 33. Qg5 Qf8 34. Qg3
h6 35. Qc7 Ne5 36. Qa5 Qxf5 37. Rd8+ Kh7 38. Qc3 Be6 39. R8d4 Ng6 40. Qe3 c5
41. Rxe4 Re8 42. Bd3 1-0

[Event "OLNW 1819 SK Union Oldenburg - HSK List"]
[Site "?"]
[Date "2019.03.24"]
[Round "8.6"]
[White "Wagner, Jan"]
[Black "Hampel, Felix"]
[Result "0-1"]
[WhiteElo "2179"]
[BlackElo "2267"]
[PlyCount "120"]
[EventDate "2019.??.??"]

1. Nf3 Nf6 2. g3 g6 3. b3 Bg7 4. Bb2 O-O 5. Bg2 d6 6. d4 a5 7. a4 Nbd7 8. Nbd2
e5 9. dxe5 Ng4 10. Nc4 Ngxe5 11. Nfxe5 Nxe5 12. Nxe5 Bxe5 13. Bxe5 dxe5 14.
Qxd8 Rxd8 15. Rd1 Rxd1+ 16. Kxd1 Ra6 17. Kc1 Rf6 18. f3 g5 19. Rd1 Be6 20. e3
Rh6 21. Rh1 Bd5 22. e4 Bc6 23. Kd2 Bd7 24. Ke3 Rc6 25. Kd2 Kg7 26. Bf1 Rd6+ 27.
Bd3 Bh3 28. Ke3 Be6 29. Rg1 Kf8 30. Rf1 Ke7 31. f4 f6 32. Rb1 Rd8 33. f5 Bf7
34. Be2 b6 35. Rh1 h5 36. h3 Rg8 37. Rg1 h4 38. g4 Rd8 39. Rb1 Kd6 40. Rd1+ Ke7
41. Rb1 Be8 42. Bc4 Bc6 43. Be2 Rb8 44. Ra1 Be8 45. Bd3 c6 46. Be2 Ra8 47. Bd3
Kd6 48. c3 Bf7 49. Rb1 Rb8 50. b4 axb4 51. cxb4 Ra8 52. Bc2 b5 53. axb5 Ra3+
54. Kd2 Rxh3 55. bxc6 Kxc6 56. Bd3 Rg3 57. Ra1 Kb7 58. b5 Rxg4 59. Ra6 h3 60.
Rxf6 Bh5 0-1

[Event "OLNW 1819 SK Union Oldenburg - HSK List"]
[Site "?"]
[Date "2019.03.24"]
[Round "8.7"]
[White "Virag, Attila Aba"]
[Black "Buerckner, Hartmut"]
[Result "0-1"]
[WhiteElo "2284"]
[BlackElo "2156"]
[PlyCount "108"]
[EventDate "2019.??.??"]

1. e4 c5 2. Nf3 d6 3. d4 cxd4 4. Qxd4 Nc6 5. Bb5 Bd7 6. Bxc6 Bxc6 7. c4 Nf6 8.
Nc3 g6 9. O-O Bg7 10. h3 O-O 11. Qd3 Nd7 12. Re1 Nc5 13. Qc2 Rc8 14. Bd2 a5 15.
Rad1 Qb6 16. Nd5 Bxd5 17. exd5 Qxb2 18. Qxb2 Bxb2 19. Rxe7 Bf6 20. Re2 Na4 21.
Rc1 Nb2 22. Re4 Nd3 23. Rb1 Nc5 24. Re2 Na4 25. Ree1 Nb2 26. Bh6 Rfe8 27. Rxe8+
Rxe8 28. Nd2 Bd4 29. Nb3 Nd3 30. Rd1 Bxf2+ 31. Kf1 Bg3 32. Nxa5 b6 33. Nc6 Nb2
34. Rc1 Nxc4 35. Nd4 Ne3+ 36. Bxe3 Rxe3 37. Ne2 Be5 38. Rd1 Ra3 39. Nc1 Kg7 40.
Rd3 Ra5 41. Kf2 Bf4 42. Ne2 Rxa2 43. Rb3 Be5 44. Kf3 Rb2 45. Rd3 h5 46. Ng3 f5
47. Nf1 Kf6 48. h4 b5 49. Ne3 Rb4 50. g3 Rd4 51. Ra3 Bxg3 52. Nc2 Rd2 53. Kxg3
Rxc2 54. Rb3 Rc5 0-1

[Event "OLNW 1819 SK Union Oldenburg - HSK List"]
[Site "?"]
[Date "2019.03.24"]
[Round "8.8"]
[White "Heinemann, Ernst"]
[Black "Gentemann, Moritz"]
[Result "1/2-1/2"]
[WhiteElo "2087"]
[BlackElo "2193"]
[PlyCount "123"]
[EventDate "2019.??.??"]

1. e4 c5 2. Nf3 d6 3. Bb5+ Nd7 4. O-O a6 5. Bxd7+ Bxd7 6. d4 cxd4 7. Nxd4 Nf6
8. Re1 g6 9. c4 Bg7 10. b3 O-O 11. Bb2 b5 12. cxb5 axb5 13. Nc3 Qb6 14. Nd5
Nxd5 15. exd5 Bf6 16. Qd2 Rfc8 17. Nf3 Qa5 18. Bxf6 exf6 19. Qf4 Qd8 20. Qxd6
Bg4 21. Qf4 Bxf3 22. Qxf3 b4 23. h3 Qd6 24. Re2 Rc3 25. Qe4 Rxb3 26. axb3 Rxa1+
27. Re1 Ra2 28. Rd1 Kg7 29. g3 h5 30. h4 Ra6 31. Rc1 Ra5 32. Rd1 Ra7 33. Kg2
Rc7 34. Rd2 Rc3 35. Rd3 Rc7 36. Rd4 Rb7 37. Qd3 Rb6 38. Qc4 Kh7 39. Kh2 Kg7 40.
Qd3 Rb7 41. Qe3 Re7 42. Qd2 Rb7 43. Qd3 Rb8 44. Qc4 Rb6 45. Rd2 Kg8 46. Ra2 Qd8
47. Ra5 Kg7 48. Rc5 Rd6 49. Qxb4 Rxd5 50. Rxd5 Qxd5 51. Qb6 g5 52. hxg5 fxg5
53. Qe3 Kg6 54. Qb6+ f6 55. Qe3 Kf7 56. Qc3 Kg6 57. b4 h4 58. gxh4 gxh4 59.
Qc2+ f5 60. Qc5 Qe4 61. b5 Qf4+ 62. Kg1 {(=)} 1/2-1/2